000 00591nam a2200241Ia 4500
003 0100
008 130303s9999 xx 000 0 und d
040 _cARRUPELIB
050 _aJQ2947.A91J66 2004
100 _aJonyo, Fred
245 _aPolitics in Kenya
245 _ba perspective
260 _aNairobi
260 _bAzinger Limited
260 _C2004
300 _avii
300 _b 158p. 23 cm.
650 _bMissions, Dutch--Africa, East
650 _cNationalism--Africa, East
650 _dAfrica, East--Politics
700 _aOwuoche, Solomon
942 _2lcc
_01
999 _c59719
_d59719